| 000 | 00858nam a22002537a 4500 | ||
|---|---|---|---|
| 999 |
_c3549 _d3549 |
||
| 003 | AR-CdUCM | ||
| 008 | 190306b ||||| |||| 00| 0 spa d | ||
| 020 | _a84-89302-09-X | ||
| 040 |
_aMUNICIPALIDAD PROVINCIAL DEL CUSCO _cBIBLIOTECA MUNICIPAL DEL CUSCO |
||
| 041 | _hfr | ||
| 082 |
_a301.362 / _bC68 |
||
| 100 |
_aClaude Driant, Jean _911627 |
||
| 245 |
_aLas Barriadas de Lima : _bHistoria e Interpretación / |
||
| 260 |
_aLima : _bGrafica Educativa, _c1991. |
||
| 300 |
_a231 paginas ; _bilustraciones, tablas, mapas, cuadros, _c23cm. |
||
| 505 | _aContenido: Barriadas de Lima -- Evolución de los parametros de interpretación | ||
| 650 |
_aBarriada _92405 |
||
| 650 |
_aPeru _9429 |
||
| 650 |
_aPeriodización _91545 |
||
| 700 |
_aLanning de Sanchez, Zaida _911628 |
||
| 700 |
_aGonzales, Elena _911629 |
||
| 942 |
_2ddc _cLIBROS |
||
| 945 | _apjha | ||